Plus Grandes Villes Pologne - Statistiques

Statistiques générales
  • Ce quiz a été pris 138 fois
  • Le résultat moyen est 12 sur 39
Statistiques - réponses
Ville
Population
(en milliers)
% Correct
Cracovie 758
100%
Varsovie 1 715
99%
Gdansk 460
92%
Lódz 708
81%
Poznan 551
75%
Wroclaw 631
73%
Katowice 307
70%
Lublin 347
62%
Gdynia 248
48%
Szczecin 409
45%
Bialystok 294
44%
Bydgoszcz 362
37%
Torun 204
32%
Opole 121
30%
Kielce 201
26%
Czestochowa 234
25%
Zabrze 179
24%
Radom 219
21%
Bielsko Biala 174
19%
Gliwice 186
19%
Olsztyn 174
19%
Chorzow 111
15%
Zielona Gora 119
15%
Plock 123
15%
Koszalin 109
13%
Tarnow 114
12%
Bytom 174
11%
Tychy 129
11%
Legnica 102
10%
Elblag 123
8%
Gorzow Wielkopolski 124
8%
Kalisz 106
8%
Rybnik 140
7%
Walbrzych 119
7%
Ruda Slaska 142
6%
Dabrowa Gornicza 124
5%
Sosnowiek 213
4%
Rzeczow 182
1%
Wlockawek 115
0%
Aucun quiz correspondant
Distribution des résultats
% des personnes avec chaque résultat
Percentile par nombre de réponses
Votre historique - résultats
Vous n’avez pas pris ce quiz